| 000 | 00827cad a22002415a 4500 | ||
|---|---|---|---|
| 001 | L157076 | ||
| 008 | 120829s2012 xxk f 000 0 eng d | ||
| 020 | _a9781842198124 | ||
| 035 | _a(Sirsi) u157076 | ||
| 041 | 0 | _aeng | |
| 100 | 1 | _aPenna, Nigel | |
| 245 | 0 | 0 |
_aTropospheric effects on GNSS positioning for airborne applications _h[electronic resource] |
| 260 |
_aLondon _bRICS _c2012 |
||
| 490 | 0 | _aRICS Research | |
| 490 | 0 | _aRICS Findings in Built and Rural Environments | |
| 520 | _aTests a series of tropospheric mitigation methods using double difference processing. | ||
| 651 | 4 | _aInternational | |
| 690 |
_aGeomatics _96242 |
||
| 700 | 1 | _aClarke, Peter | |
| 700 | 1 | _aWebb, Samuel | |
| 856 | 4 | 0 |
_uhttps://www.rics.org/Global/Downloads/GPS_Arctic_270911_dwl_aj.pdf _zBroken link - not available |
| 942 | _n0 | ||
| 999 |
_c114576 _d114576 |
||